书目信息 |
| 题名: |
中华人民共和国大气污染防治法释义
|
|
| 作者: | 信春鹰 主编 | |
| 分册: | ||
| 出版信息: | 北京 法律出版社 2015.10 |
|
| 页数: | 387页 | |
| 开本: | 20cm | |
| 丛书名: | ||
| 单 册: | ||
| 中图分类: | D922.685 | |
| 科图分类: | ||
| 主题词: | 法律--中国 | |
| 电子资源: | ||
| ISBN: | 7-5118-8491-1 | |
| 000 | 00609nam0 2200193 450 | |
| 001 | 1738895034 | |
| 005 | 20171212104919.92 | |
| 010 | @a7-5118-8491-1@dCNY38.00 | |
| 100 | @a20171212d2015 km y0chiy0120 ea | |
| 101 | 0 | @achi |
| 102 | @aCN@b110000 | |
| 200 | 1 | @a中华人民共和国大气污染防治法释义@Azhong hua ren min gong he guo da qi wu ran fang zhi fa shi yi@f信春鹰主编@Fxin chun ying zhu bian |
| 210 | @a北京@c法律出版社@d2015.10 | |
| 215 | @a387页@d20cm | |
| 606 | 0 | @a法律@x中国 |
| 690 | @aD922.685@v4 | |
| 701 | 0 | @a信春鹰@Axin chun ying@4主编 |
| 801 | 0 | @aCN@bMUSE@c20171212 |
| 905 | @aMUSE@dD922.685@eX5941 | |
| 中华人民共和国大气污染防治法释义/信春鹰主编.-北京:法律出版社,2015.10 |
| 387页;20cm |
| ISBN 7-5118-8491-1:CNY38.00 |
| ● |
| 相关链接 |
|
|
|
正题名:中华人民共和国大气污染防治法释义
索取号:D922.685/X5941
 
预约/预借
| 序号 | 登录号 | 条形码 | 馆藏地/架位号 | 状态 | 备注 |
| 1 | 1237363 | 212373634 | 法学院资料室/ [索取号:D922.685/X5941] | 在馆 |